| 000 | 01919cab a2200301 4500 | ||
|---|---|---|---|
| 001 | L129345 | ||
| 008 | 050413n2005 000 0 eng u | ||
| 035 | _a(Sirsi) u129345 | ||
| 041 | _aeng | ||
| 100 | _aPigott, Ashley | ||
| 245 | _aEconomic loss, transmissible warranties and extensions to the boundaries of Murphy v Brentwood | ||
| 260 | _c2005 | ||
| 490 |
_aConstruction Law Journal _v21(2) (2005) 95,101(7) |
||
| 520 | _aDiscusses differing HL judgments on the subject of the accrual of a duty of care to prevent economic loss, noting that a clear position still remains uncertain. Examines the opposed judgments in "Samuel Payne v John Setchell Ltd" (TCC, X121433) and "Tesco Stores Ltd v Costain Construction Ltd" ([2003] EWHC 1487 (TCC), [2003] CILL 2062) which both considered the extent to which builders and designers in construction cases should be held liable for losses classified as economic. Illustrates how the approach in "Samuel Payne" to the imposition of a duty of care in respect to economic loss is consistent with the reasoning in "Murphy v Brentwood DC" (HL, Abs43321), whilst the approach in "Tesco" is consistent with "Hedley Bryne and Co Ltd v Heller and Partners Ltd" (HL, [1963] 2 ALL ER 575) and "Pirelli General Cable Works Ltd v Oscar Faber and Partners" (HL, [1983] 1 All ER 65). | ||
| 590 | _aIKA150405 | ||
| 650 | _aMURPHY V BRENTWOOD DC | ||
| 650 | _aHEDLEY BYRNE AND CO LTD V HELLER AND PARTNERS LTD | ||
| 650 | _aPAYNE AND OTHERS V JOHN SETCHELL LTD | ||
| 650 | _aTESCO STORES LTD V COSTAIN CONSTRUCTION LTD | ||
| 650 | _aDONOGHUE V STEVENSON | ||
| 650 | _aANNS AND OTHERS V MERTON LBC | ||
| 650 | _aPIRELLI GENERAL CABLE WORKS LTD V OSCAR FABER AND PARTNERS | ||
| 650 | _aHENDERSON V MERRETT SYNDICATES LTD | ||
| 650 | _aWHITE V JONES | ||
| 650 | _aDOE V BATES | ||
| 690 | _aMANAGEMENT-BUSINESS MANAGEMENT-PROFESSIONAL PRACTICE-NEGLIGENCE | ||
| 942 | _n0 | ||
| 999 |
_c75080 _d75080 |
||